00632cam a2200169 4500001000500000005001700005008003900022010001600061020002800077100003100105245007700136260004800213300003500261504006600296650005100362650004900413481520181127174208.0000720s2001 fluab b 001 0 eng a 00055458 a1584880295 (alk. paper)1 aManly, Bryan F. J.,d1944-10aStatistics for environmental science and management /cBryan F.J. Manly. aBoca Raton, FL :bChapman & Hall/CRCc2001. a326 p. :bill., maps ;c24 cm. aIncludes bibliographical references (p. 303-314) and indexes. 0aEnvironmental managementxStatistical methods. 0aEnvironmental sciencesxStatistical methods.